00000000cam 2200000zi 4500
0019.956109
003CaOODSP
00520251209140512
006m     o  d f      
007cr mn|||||||||
008251008e202511##onca    ob   f000 0 fre d
020 |a9780660792576
040 |aCaOODSP|bfre|erda|cCaOODSP
043 |an-cn-bc|apn-----
045 |ax2y2
0861 |aFs70-6/2025-054F-PDF
24500|aÉvaluation du stock de morue-lingue (Ophiodon elongatus) des eaux extérieures de la Colombie-Britannique en 2025.
24617|aÉvaluation du stock de morue-lingue des eaux extérieures en 2025
264 1|a[Ottawa] : |bSecrétariat canadien de consultation scientifique, |cnovembre 2025.
264 4|c©2025
300 |a1 ressource en ligne (18 pages) : |billustrations (principalement en couleur).
336 |atexte|btxt|2rdacontent/fre
337 |ainformatique|bc|2rdamedia/fre
338 |aressource en ligne|bcr|2rdacarrier/fre
4901 |aAvis scientifique, |x1919-5117 ; |v2025/054
500 |aPublié aussi en anglais sous le titre : Outside lingcod (Ophiodon elongatus) stock assessment for British Columbia in 2025.
500 |aTitre de départ.
504 |aComprend des références bibliographiques (page 14).
650 6|aOphiodon elongatus|zColombie-Britannique|zPacifique, Côte du.
650 6|aOphiodon elongatus|xPêche commerciale|zColombie-Britannique|zPacifique, Côte du.
650 6|aRessources halieutiques|xÉvaluation|zColombie-Britannique|zPacifique, Côte du.
7102 |aSecrétariat canadien de consultation scientifique, |eorganisme de publication.
7101 |aCanada. |bMinistère des pêches et des océans. |bRégion du Pacifique, |eorganisme de publication.
77508|tOutside lingcod (Ophiodon elongatus) stock assessment for British Columbia in 2025.|w(CaOODSP)9.956108
830#0|aAvis scientifique (Secrétariat canadien de consultation scientifique)|v2025/054.|w(CaOODSP)9.502624
85640|qPDF|s704 Ko|uhttps://publications.gc.ca/collections/collection_2025/mpo-dfo/fs70-6/Fs70-6-2025-054-fra.pdf